Estońscy sportowcy - nagła śmierć - Statystyki

Ogólne statystyki
  • Ten quiz został rozwiązany 29 razy
  • Średni wynik to 7 z 10
Answers on the Grid
Answers color-coded by a green-red scale on the quiz's grid according to % correct below.
Konstantin Vassiljev
Armand Duplantis
Kimi Räikkönen
Artti Aigro
Kasper Hämäläinen
Anett Kontaveit
Anssi Koivuranta
Erki Nool
Therese Johaug
Sergei Pareiko
Gerd Kanter
Mikkel Hansen
Efthymis Koulouris
Kelly Sildaru
Teemu Pukki
Kevin Maltsev
Andrus Veerpalu
John Yeboah
Kaarel Nurmsalu
Magnus Carlsen
 
Statystyki odpowiedzi
Odpowiedź % Poprawnych
Artti Aigro
86%
Kevin Maltsev
79%
Konstantin Vassiljev
71%
Erki Nool
68%
Kaarel Nurmsalu
68%
Andrus Veerpalu
64%
Kelly Sildaru
64%
Anett Kontaveit
61%
Sergei Pareiko
57%
Gerd Kanter
54%
Nie znaleziono quizów pasujących do podanych kryteriów
Rozkład punktacji
Procent ludzi z każdym wynikiem
Percentyl według liczby udzielonych odpowiedzi
Twoja historia wyników
Nie rozwiązałeś tego quizu